Analytický sieťový proces v podmienkach istoty pri viackriteriálnom rozhodovaní diplomová práca

Salvato in:
Dettagli Bibliografici
Autore principale: Hryhoryeva, Miraslava
Ente Autore: Fakulta podnikového manažmentu EU. Katedra manažmentu
Altri autori: Remeňová, Katarína, 1982-
Natura: Libro
Lingua:slovacco
Pubblicazione: Bratislava 2025
Tags: Aggiungi Tag
Nessun Tag, puoi essere il primo ad aggiungerne!!

MARC

LEADER 00000nbm a2200000 4500
001 0309807
005 20251217135241.9
041 0 |a slo 
044 |a SK 
245 1 0 |a Analytický sieťový proces v podmienkach istoty pri viackriteriálnom rozhodovaní  |b diplomová práca  |c Miraslava Hryhoryeva ; školiteľ: Katarína Remeňová 
264 1 |a Bratislava  |c 2025 
300 |a 60 s. 
100 1 |a Hryhoryeva, Miraslava 
700 1 |a Remeňová, Katarína, 1982- 
710 2 |a Fakulta podnikového manažmentu EU. Katedra manažmentu